Квиз о Суринаму - Statistics

General Stats
  • This quiz has been taken 67 times
  • The average score is 8 of 13
Answer Stats
Опис Одговор % Correct
Државе са којима се граничи Бразил
95%
Државе са којима се граничи Гвајана
91%
Званичан језик Холандски
82%
90% Суринама је прекривено овим, више него иједна друга држава на свету Шумом
79%
Државе са којима се граничи Француска
74%
Главни град Парамарибо
70%
Суринам и Бутан су једине две државе на свету коју абсорбују више овог гаса него што га произведу Угљен-диоксид
65%
1667. године, Енглеска је дала Суринам Холандији. Шта је Енглеска добила заузврат? (данас је то огроман град) Њујорк
53%
Валута Суринама Долар
53%
Река на којој се налази град изнад Суринам
46%
27% становника Суринама потиче од радника доведених из ове државе Индија
46%
Главни извозни производ Суринама док је био колонија Шећер
23%
Термин који означава људе потекле од одбеглих робова (почиње на слово М) Марони
7%
No matching quizzes found
Score Distribution
Percent of People with Each Score
Percentile by Number Answered
Your Score History
You have not taken this quiz